000 00739cam a2200217 4500
001 WB3829-19
008 020806n2002 000 0 eng u
035 _a(Sirsi) u119225
245 2 _aA knock-out in round three
260 _c2002
490 _aEstates Gazette
_v(0231) 3 August 2002, 94(1)
520 _aDiscusses the case "JA Pye (Oxford) Ltd v Graham" (2002) which clarified the law on squatters' rights to land but left the House of Lords and the trial judge unhappy with the outcome.
590 _aWB
650 _aJA PYE (OXFORD) LTD V GRAHAM
650 _aSQUATTERS RIGHTS
650 _aLAND REGISTRATION ACT 2002
650 _aADVERSE POSSESSION
650 _aGRAZING LICENCES
690 _aPROPERTY
942 _n0
999 _c70908
_d70908